Normal view
MARC view
- Computers
Entry Topical Term
001 - CONTROL NUMBER
- control field: 8951
003 - CONTROL NUMBER IDENTIFIER
- control field: OSt
005 - DATE AND TIME OF LATEST TRANSACTION
- control field: 20170726150913.0
008 - FIXED-LENGTH DATA ELEMENTS
- fixed length control field: 170726|| aca||aabn | a|a d
040 ## - CATALOGING SOURCE
- Original cataloging agency: OSt
- Transcribing agency: OSt
150 ## - HEADING--TOPICAL TERM
- Topical term or geographic name entry element: Computers
- General subdivision: Maintenance and repair
670 ## - SOURCE DATA FOUND
- Source citation: Work cat.: (OSt)0: Yani, Ahmad 8950, Menguasai kemahiran mempertingkatkan keupayaan komputer /, [200?]

PORTAL AKMAL
E-MEL JKDM
AKMAL2U
G-BAM
u-PUSTAKA